000 00676nam a2200241Ia 4500
003 OSt
005 20230612105835.0
008 210423s2015 xx 000 0 und d
020 _a978-93-392-1305-3
040 _cAL
041 _aeng
082 _a658.15 KHAF
100 _aKHAN (M Y);JAIN (P K)
_9107794
245 _aFinancial management: text problems and cases Ed 7
250 _a7
260 _aNew Delhi
_bMcGrawhill Education
_c2015
300 _axxvii,36.45,A.10,I.10
_bPB
365 _b715
_cINR
650 _aFinancial Management
_9107795
650 _aManagement
_9107796
906 _acases ; Ed ; Financial ; management: ; problems
942 _2ddc
_cBK
999 _c167697
_d167697